| 000 | 00490nam a2200217Ia 4500 | ||
|---|---|---|---|
| 008 | 210210b1933 xxu||||| |||| 00| 0 eng d | ||
| 041 | _aeng | ||
| 082 | _a532/30 | ||
| 100 | _aGRIMSEHL (E) | ||
| 245 | _aTextbook of physics:heat and sound Vol II | ||
| 260 |
_aLondon _bBlackie & Son Ltd. _c1933 |
||
| 300 | _a312 | ||
| 440 | _aII | ||
| 650 | _aVol | ||
| 650 | _aTextbook | ||
| 650 | _asound | ||
| 650 | _aphysics:heat | ||
| 650 | _aII | ||
| 690 | _aPhysics | ||
| 906 | _a008395 | ||
| 999 |
_c127218 _d127218 |
||